Vplyv transformácie systému moci na politický a ekonomický vývoj Líbye diplomová práca

Salvato in:
Dettagli Bibliografici
Autore principale: Kromková, Júlia, 1998-
Ente Autore: Fakulta medzinárodných vzťahov EU. Katedra medzinárodných politických vzťahov
Altri autori: Čech, Ľubomír, 1955-
Natura: Libro
Lingua:slovacco
Pubblicazione: Bratislava 2022
Tags: Aggiungi Tag
Nessun Tag, puoi essere il primo ad aggiungerne!!

MARC

LEADER 00000nbm a2200000 4500
001 0285135
005 20230404122906.1
041 0 |a slo 
044 |a SK 
245 1 0 |a Vplyv transformácie systému moci na politický a ekonomický vývoj Líbye  |b diplomová práca  |c Júlia Kromková ; školiteľ: Ľubomír Čech 
264 1 |a Bratislava  |c 2022 
300 |a 85 s. 
100 1 |a Kromková, Júlia, 1998- 
700 1 |a Čech, Ľubomír, 1955- 
710 2 |a Fakulta medzinárodných vzťahov EU. Katedra medzinárodných politických vzťahov